Vol. NS-9, № 2; I.R.E Transactions on Nuclear Science

Bibliografske podrobnosti
Parent link:I.R.E Transactions on Nuclear Science: журнал. Vol. NS-9, № 2.— , 1956, 1959, 1961-1962
Jezik:angleščina
Izdano: 1962
Format: Knjiga
KOHA link:https://koha.lib.tpu.ru/cgi-bin/koha/opac-detail.pl?biblionumber=567628

MARC

LEADER 00000nam2a2200000 4500
001 567628
005 20231101124358.0
035 |a (RuTPU)RU\TPU\prd\264643 
035 |a RU\TPU\prd\264642 
090 |a 567628 
100 |a 20161102b19629999k y0engy50 ba 
101 0 |a eng 
102 |a US 
200 0 |a Vol. NS-9, № 2 
210 |d 1962 
461 1 |0 (RuTPU)RU\TPU\prd\37  |t I.R.E Transactions on Nuclear Science  |o журнал  |v Vol. NS-9, № 2  |d 1956, 1959, 1961-1962 
801 0 |a RU  |b 63413507  |c 20010227  |g PSBO 
801 1 |a RU  |b 63413507  |c 20020228  |g PSBO 
801 2 |a RU  |b 63413507  |c 20161102  |g PSBO 
942 |c BK 
999 |a НТБ_ТПУ  |b НФ  |e -19/20160111  |p П-4200  |u 0,00  |v 1  |x 9441